000 00274nam a22001217a 4500
008 170905b xxu||||| |||| 00| 0 eng d
041 _aeng
080 _a070
100 _a40
101 _aMED
245 _aMASS COMMUNICATIION AFRICA
_cHACHTEN.W.A
942 _2udc
_cBK
999 _c26171
_d26171